Mediace pomáha firmám vyhnout se soudním sporům

Rozhovor s JUDr. Dianou Lokajíčkovou mediátorkou a právničkou v jednom. Riešenie sporov a konfliktov vo firmách. Mediácia ako forma zlepšenia komunikácie a obmedzenia fluktuácie. Mediácia využíva fakt, že konflikt má v sebe aj pozitívnu stránku.

Saved in:
Bibliographic Details
Main Author: Kazdová, Alena
Other Authors: Lokajíčková, Diana
Format: Book Chapter
Language:Czech
Subjects:
Tags: Add Tag
No Tags, Be the first to tag this record!

MARC

LEADER 00000naa a2200000 4500
001 0296125
005 20240417075246.8
041 0 |a cze 
044 |a CZ 
245 1 0 |a Mediace pomáha firmám vyhnout se soudním sporům  |c Alena Kazdová, Diana Lokajíčková 
520 |a Rozhovor s JUDr. Dianou Lokajíčkovou mediátorkou a právničkou v jednom. Riešenie sporov a konfliktov vo firmách. Mediácia ako forma zlepšenia komunikácie a obmedzenia fluktuácie. Mediácia využíva fakt, že konflikt má v sebe aj pozitívnu stránku. 
610 2 0 |a rozhovor 
610 2 0 |a spory pracovné 
610 2 0 |a konflikty 
610 2 0 |a komunikácia 
610 2 0 |a mediácia 
100 1 |a Kazdová, Alena 
700 1 |a Lokajíčková, Diana